Potreby vzdelávania zdravotníckeho personálu v ekonomickej a finančnej gramotnosti a v manažérskych zručnostiach

Charakteristika súčasných potrieb rozvoja podnikateľských vedomostí a zručností absolventov v neekonomických zdravotníckych študijných odboroch: Sociálna práca, Ošetrovateľstvo a Laboratórne a vyšetrovacie metódy v zdravotníctve. Výsledky prieskumu.

Enregistré dans:
Détails bibliographiques
Auteur principal: Matkovčíková, Natália, 1982-
Format: Chapitre de livre
Langue:slovaque
Sujets:
Tags: Ajouter un tag
Pas de tags, Soyez le premier à ajouter un tag!

MARC

LEADER 00000naa$a2200000$$$4500
001 0247929
005 20240502073951.4
041 0 |a slo 
044 |a SK 
245 1 0 |a Potreby vzdelávania zdravotníckeho personálu v ekonomickej a finančnej gramotnosti a v manažérskych zručnostiach  |c Natália Matkovčíková 
520 |a Charakteristika súčasných potrieb rozvoja podnikateľských vedomostí a zručností absolventov v neekonomických zdravotníckych študijných odboroch: Sociálna práca, Ošetrovateľstvo a Laboratórne a vyšetrovacie metódy v zdravotníctve. Výsledky prieskumu. 
610 2 0 |a zdravotníctvo 
610 2 0 |a zdravotníci 
610 2 0 |a vzdelávanie ďalšie 
610 2 0 |a vzdelávanie dospelých 
610 2 0 |a ekonómia 
610 2 0 |a podnikanie 
610 2 0 |a zručnosti 
100 1 |a Matkovčíková, Natália, 1982-